[Event "Olympiad Women 2024"]
[Site "Budapest HUN"]
[Date "2024.09.21"]
[Round "10.5"]
[Board "1"]
[White "Tokhirjonova, Gulrukhbegim"]
[Black "Osmak, Yuliia"]
[Result "1-0"]
[WhiteElo "2380"]
[BlackElo "2471"]
[PlyCount "167"]
[EventDate "2024.09.11"]
[WhiteTeam "United States of America"]
[BlackTeam "Ukraine"]
[BlackTeamCountry "UKR"]

1. Nf3 d5 2. g3 c6 3. Bg2 Nf6 4. c4 dxc4 5. Qc2 Be6 6. O-O Nbd7 7. Ng5 Bg4 8. Qxc4 e6 9. d4 Be7 10. Nc3 O-O 11. h3 Bh5 12. Nf3 Bg6 $146 ({RR} 12... Rc8 13. Rd1 b5 14. Qb3 a5 15. Bg5 Bg6 16. a3 h6 17. Bxf6 Bxf6 18. Rac1 a4 19. Qa2 Qb6 20. e4 Rfd8 21. Rc2 e5 22. d5 Nc5 23. Nh2 h5 24. h4 Nb3 25. Qb1 Nd4 26. dxc6 Nxc2 27. Qxc2 {0-1 Banh Gia Huy (2400)-Avinash,R (2252) 17th Teplice Open 2024 (8.28)}) 13. e3 Ne4 14. Rd1 Qa5 15. Bd2 Nxd2 16. Nxd2 Rac8 17. Qe2 Rfd8 18. a3 Qc7 19. Rac1 Qb8 20. Nc4 Bf6 21. b4 Nb6 22. f4 Nxc4 23. Qxc4 Qd6 24. Kh1 Be7 25. e4 a5 26. bxa5 Qxa3 27. Rb1 Rb8 28. g4 Qxa5 29. f5 exf5 30. exf5 Bxf5 31. gxf5 Qxf5 32. Rf1 Qh5 33. d5 cxd5 34. Nxd5 Bd6 35. Rbe1 b5 36. Qb3 Kh8 37. Ne7 Bxe7 38. Rxe7 f6 39. Rfe1 Qg6 40. Be4 f5 41. Rg1 Qxg1+ 42. Kxg1 fxe4 43. Qb2 Rg8 44. Rxe4 Rb6 45. Kh2 h6 46. h4 Rf8 47. Rg4 Rb7 48. Rg6 Kh7 49. Qc2 Rbf7 50. Rg4+ Kh8 51. Qc3 Rf2+ 52. Kg3 R8f6 53. h5 Rf1 54. Qd4 R1f3+ 55. Kh4 Rf1 56. Re4 Rf8 57. Kg4 R1f5 58. Re6 Rg5+ 59. Kh4 Rgf5 60. Re4 Rf1 61. Kg3 R1f5 62. Rg4 Rg5 63. Rxg5 hxg5 64. h6 Rf6 65. hxg7+ Kxg7 66. Kg4 Kg6 67. Qe4+ Kh6 68. Qh1+ Kg6 69. Qh5+ Kg7 70. Kxg5 b4 71. Qe8 Rf7 72. Qe5+ Kh7 73. Qe4+ Kg7 74. Qxb4 Kh7 75. Qd4 Re7 76. Kf6 Rg7 77. Qh4+ Kg8 78. Qh5 Rg1 79. Qe8+ Kh7 80. Qd7+ Kg8 81. Qc8+ Kh7 82. Qc7+ Kg8 83. Qb8+ Kh7 84. Qh2+ 1-0

[Event "Olympiad Women 2024"]
[Site "Budapest HUN"]
[Date "2024.09.21"]
[Round "10.5"]
[Board "2"]
[White "Ushenina, Anna"]
[Black "Yip, Carissa"]
[Result "0-1"]
[WhiteElo "2417"]
[BlackElo "2386"]
[PlyCount "60"]
[EventDate "2024.09.11"]
[WhiteTeam "Ukraine"]
[BlackTeam "United States of America"]
[WhiteTeamCountry "UKR"]

1. d4 g6 2. e4 Bg7 3. Nc3 d6 4. Be3 a6 5. g4 Nd7 ({RR} 5... Nf6 6. h3 Nc6 7. f4 O-O 8. Nf3 Nd7 9. Bg2 b5 10. e5 Nb6 11. Qe2 Bb7 12. O-O-O Na5 13. b3 Rb8 14. h4 Qd7 15. h5 Qxg4 16. Rdg1 b4 17. Nd1 Nd5 18. Qd2 Nxe3 19. Qxe3 c5 20. dxc5 {0-1 Dominguez Perez,L (2758)-Chigaev,M (2631) Wch Blitz Moscow 2019 (20)}) 6. h4 h6 ({RR} 6... c5 7. g5 h6 8. dxc5 Nxc5 9. Bxc5 Bxc3+ 10. bxc3 dxc5 11. Qxd8+ Kxd8 12. h5 gxh5 13. Rxh5 Kc7 14. f4 Rh7 15. Kf2 b6 16. Bh3 Rg7 17. Bxc8 Rxc8 18. gxh6 Rh7 19. e5 Rxh6 20. Rxh6 Nxh6 21. Nf3 {½-½ Navalgund,N (2185)-Nguyen,P (2423) Riga Tech Open A 2024 (3.23)}) 7. Qd2 $146 ({RR} 7. h5 g5 8. Nge2 b5 9. Ng3 e6 10. Qd2 Nb6 11. b3 Nf6 12. f3 Bb7 13. O-O-O Nfd7 14. f4 gxf4 15. Bxf4 c5 16. Bxd6 Bxd4 17. Nce2 Be5 18. Bg2 Qg5 19. Kb1 Qxd2 20. Rxd2 Bxd6 21. Rxd6 Ke7 {0-1 Matinian,N (2421)-Van Foreest,J (2697) Titled Tue 22nd Aug Early 2023 (3)}) ({RR} 7. Bg2 c5 8. Nge2 Ngf6 9. h5 Nxg4 10. hxg6 fxg6 11. Nf4 Nf8 12. dxc5 Nxe3 13. fxe3 h5 14. cxd6 Qxd6 15. Qxd6 Bxc3+ 16. bxc3 exd6 17. Nd5 Rb8 18. O-O-O Be6 19. Nf4 Ke7 20. Nd5+ Ke8 21. Nf4 Rd8 {1-0 Suarez Uriel,A (2375)-Pourquet,M (2193) Villa de Gijon op 6th 2022 (6)}) ({RR} 7. Bg2 e6 8. Qe2 Ne7 9. f4 b5 10. f5 e5 11. O-O-O exd4 12. Bxd4 Bxd4 13. Rxd4 Nc6 14. Rd1 Nce5 15. Nf3 Bb7 16. fxg6 fxg6 17. Nd4 Qe7 18. Nd5 Bxd5 19. exd5 Nc5 20. Kb1 O-O-O 21. h5 g5 {½-½ Sidiropoulos,V (1815)-Dallis,I (1524) GRE-ch U20 Trikala 2022 (3)}) 7... b5 8. O-O-O Bb7 9. f3 e6 10. Nge2 Ne7 11. Ng3 c5 12. f4 b4 13. Nb1 Qc7 14. h5 O-O-O 15. hxg6 Nxg6 16. f5 cxd4 17. Bxd4 Nge5 18. Be2 Nc5 19. Qe3 Bf6 20. Rxh6 Ned3+ 21. Bxd3 Bxd4 22. Qg5 b3 23. Bc4 Be5 24. Rxh8 Rxh8 25. axb3 Bxg3 26. Nd2 d5 27. exd5 exd5 28. Be2 Re8 29. Bf3 Nxb3+ 30. Kb1 Bf4 0-1

[Event "Olympiad Women 2024"]
[Site "Budapest HUN"]
[Date "2024.09.21"]
[Round "10.5"]
[Board "3"]
[White "Krush, Irina"]
[Black "Buksa, Nataliya"]
[Result "0-1"]
[WhiteElo "2396"]
[BlackElo "2387"]
[PlyCount "130"]
[EventDate "2024.09.11"]
[WhiteTeam "United States of America"]
[BlackTeam "Ukraine"]
[BlackTeamCountry "UKR"]

1. d4 d5 2. c4 e6 3. Nc3 Nf6 4. cxd5 exd5 5. Bg5 Be7 6. e3 O-O 7. Bd3 h6 8. Bh4 Re8 9. Nge2 c6 10. O-O Nbd7 11. a4 Nh5 12. Bxe7 Qxe7 13. a5 Nf8 14. Qb1 $146 ({RR} 14. a6 b6 15. Qa4 Bd7 16. Qa3 Qg5 17. Bc2 Ng6 18. Ng3 Nf6 19. Qd6 Rac8 20. Nge2 Nh4 21. Qg3 Nf5 22. Qxg5 hxg5 23. Rfd1 g4 24. Bxf5 Bxf5 25. Nf4 Kf8 26. b4 Ke7 27. Rac1 g5 28. Nd3 Bxd3 {½-½ Schmidek,E (2414)-Costa,L (2350) Bundesliga 2022-23 (11.6)}) 14... Bd7 15. b4 a6 16. Na4 Rad8 17. Nc5 Bc8 18. Qc2 Qg5 19. Kh1 Rd6 20. Rae1 Nd7 21. Ng1 Qd8 22. Nf3 Nhf6 23. h3 Qe7 24. Nd2 Nxc5 25. bxc5 Rdd8 26. Nf3 Ne4 27. Bxe4 dxe4 28. Ne5 Be6 29. Qxe4 Qc7 30. Qb1 f6 31. Nf3 Bc4 32. Rg1 Qxa5 33. Qxb7 Qa2 34. Qxc6 Qxf2 35. Qa4 Bd5 36. Rgf1 Qg3 37. Qa5 Rb8 38. Qd2 a5 39. Ra1 Rb3 40. Qf2 Qb8 41. Rfe1 Qb5 42. Nd2 Rb2 43. Reb1 Ra8 44. e4 Bxe4 45. Rxb2 Qxb2 46. Re1 Bd5 47. Re7 a4 48. Qg3 Bf7 49. Ne4 Qb3 50. Nxf6+ Kh8 51. Qe5 a3 52. Ne8 Qb1+ 53. Kh2 Rxe8 54. Rxe8+ Bxe8 55. Qxe8+ Kh7 56. c6 a2 57. c7 a1=Q 58. c8=Q Qg1+ 59. Kg3 Qa3+ 60. Kf4 Qf2+ 61. Ke5 Qae3+ 62. Kd6 Qxd4+ 63. Kc6 Qb6+ 64. Kd7 Qfd4+ 65. Ke7 Qbf6# 0-1

[Event "Olympiad Women 2024"]
[Site "Budapest HUN"]
[Date "2024.09.21"]
[Round "10.5"]
[Board "4"]
[White "Gaponenko, Inna"]
[Black "Lee, Alice"]
[Result "1/2-1/2"]
[WhiteElo "2324"]
[BlackElo "2384"]
[PlyCount "161"]
[EventDate "2024.09.11"]
[WhiteTeam "Ukraine"]
[BlackTeam "United States of America"]
[WhiteTeamCountry "UKR"]

1. e4 c5 2. c3 Nf6 3. e5 Nd5 4. Nf3 Nc6 5. d4 cxd4 6. cxd4 d6 7. Bc4 Nb6 8. Bb5 dxe5 9. Nxe5 Bd7 10. Nxd7 Qxd7 11. Nc3 Rd8 12. O-O g6 ({RR} 12... e6 13. Qg4 f5 14. Qh5+ g6 15. Qe2 Be7 16. Be3 O-O 17. d5 Nxd5 18. Bxa7 Qc8 19. Rac1 Bg5 20. Nxd5 Bxc1 21. Bxc6 exd5 22. Qe5 Qxc6 23. Bd4 Qf6 24. Qxf6 Rxf6 25. Bxf6 Rc8 26. Bc3 Bh6 27. Rd1 {1-0 Mosadeghpour,M (2499)-Atakhan,A (2286) Fajr op 28th 2020 (8)}) 13. Re1 h6 $146 ({RR} 13... Bg7 14. Bg5 f6 15. Bf4 O-O 16. d5 Nxd5 17. Nxd5 Qxd5 18. Qxd5+ Rxd5 19. Bc4 Rfd8 20. Bxd5+ Rxd5 21. Rad1 Rb5 22. b3 Kf7 23. Rd7 f5 24. Bg5 Be5 25. h4 Bd6 26. Rd1 Ke6 27. R1xd6+ exd6 28. Rxh7 {½-½ Karpatchev,A (2380)-Bogdanovich,G (2369) Leipzig VfB op 08th 2001 (7)}) ({RR} 13... a6 14. Bxc6 Qxc6 15. Bg5 Rd7 16. Rc1 Bg7 17. Na4 Nc4 18. Qe2 b5 19. Bxe7 Qe6 20. Qf3 Kxe7 21. Nc5 Rhd8 22. Nxe6 fxe6 23. b3 Nb6 24. Qh3 Rd6 25. Qxh7 Kf7 26. Re3 Nd5 27. Rg3 Nf4 28. Rf3 {1-0 Zaitsev,A (2410)-Kainov,A (2226) Tula CC-ch 2005 (5)}) ({RR} 13... Bg7 14. Bg5 f6 15. Bf4 Qxd4 16. Qf3 O-O 17. Bxc6 bxc6 18. Rxe7 Nd5 19. Nxd5 Rxd5 20. Rc1 Rfd8 21. h3 Bf8 22. Rb7 Rb5 23. Be3 Qxb2 24. Rxa7 Bc5 25. Qxc6 Bxa7 26. Qe6+ Kh8 27. Qe7 Bb6 28. Bxb6 {0-1 Mukhametov,E-Levin,F (2305) URS-ch Army Novosibirsk 1989}) 14. a4 Bg7 15. a5 Nd5 16. a6 O-O 17. axb7 Qxb7 18. Bxc6 Qxc6 19. Qa4 Qxa4 20. Rxa4 e6 21. Nxd5 Rxd5 22. Be3 Rb8 23. Rxa7 Bxd4 24. Bxd4 Rxd4 25. g3 Rxb2 26. Re3 Rbd2 27. h4 Rd5 28. Rf3 Rd7 29. Rxd7 Rxd7 30. Re3 Kg7 31. Kg2 h5 32. f4 Kf6 33. Kf3 Rd5 34. Ra3 Kf5 35. Rb3 f6 36. Ra3 Rd6 37. Rb3 e5 38. fxe5 fxe5 39. Ke3 Ra6 40. Kf3 Ke6 41. g4 Kf6 42. gxh5 gxh5 43. Rb8 Ra3+ 44. Kg2 Ra4 45. Rf8+ Ke6 46. Kh3 Rf4 47. Re8+ Kd5 48. Rh8 Rf3+ 49. Kg2 Rf5 50. Ra8 Rf4 51. Kg3 Ke4 52. Rh8 Rf3+ 53. Kg2 Rf5 54. Rg8 Ke3 55. Kg3 Ke4 56. Kg2 Kd5 57. Rd8+ Ke6 58. Kg3 e4 59. Re8+ Kd5 60. Ra8 Rf3+ 61. Kg2 Rf5 62. Kg3 Rf3+ 63. Kg2 Rf4 64. Ra5+ Kd4 65. Rxh5 e3 66. Ra5 e2 67. Ra4+ Ke5 68. Ra5+ Ke4 69. Ra4+ Kd5 70. Ra5+ Kc4 71. Ra4+ Kb3 72. Ra1 Kc4 73. Ra4+ Kc3 74. Ra3+ Kd4 75. Ra4+ Ke5 76. Ra5+ Ke6 77. Ra1 Rxh4 78. Re1 Re4 79. Kf3 Ke5 80. Rxe2 Rxe2 81. Kxe2 1/2-1/2

[Event "Olympiad Women 2024"]
[Site "Budapest HUN"]
[Date "2024.09.21"]
[Round "10.6"]
[Board "1"]
[White "Khademalsharieh, Sarasadat"]
[Black "Mkrtchian, Lilit"]
[Result "1-0"]
[WhiteElo "2468"]
[BlackElo "2366"]
[PlyCount "85"]
[EventDate "2024.09.11"]
[WhiteTeam "Spain"]
[BlackTeam "Armenia"]
[WhiteTeamCountry "ESP"]
[BlackTeamCountry "ARM"]

1. Nf3 c5 2. b3 Nf6 3. Bb2 g6 4. c4 Bg7 5. g3 b6 6. Bg2 Bb7 7. d4 cxd4 8. Qxd4 d6 9. Nc3 Nbd7 10. O-O O-O 11. Rfd1 a6 ({RR} 11... Ne4 12. Qe3 Nxc3 13. Bxc3 Bxc3 14. Qxc3 Qc7 15. a4 Rac8 16. Bh3 Rcd8 17. Nd4 a6 18. Bg2 Bxg2 19. Kxg2 d5 20. Nf3 dxc4 21. Rac1 b5 22. axb5 axb5 23. bxc4 bxc4 24. Qxc4 {½-½ Eljanov,P (2702)-Karjakin,S (2772) FIDE World Cup 2013 (3.4)}) 12. Ne1 Bxg2 13. Nxg2 Rc8 ({RR} 13... h5 14. Ne3 Ng4 15. Qd2 Bh6 16. Ncd5 Nxe3 17. Nxe3 b5 18. Qd4 Nf6 19. c5 dxc5 20. Qxc5 Qe8 21. Ba3 Ne4 22. Qxe7 Qxe7 23. Bxe7 Rfe8 24. Nd5 Bg7 25. Rac1 Rac8 26. Bb4 Rxc1 27. Rxc1 Rd8 28. Rd1 {0-1 Gutkin,I (2289)-Klymchuk,A (2405) Titled Tue 23rd Jan Early 2024 (6)}) 14. Rac1 $146 ({RR} 14. Ne3 Rc5 15. Ncd5 b5 16. b4 Rc6 17. cxb5 axb5 18. Rac1 Ra6 19. Rc8 Qxc8 20. Nxe7+ Kh8 21. Nxc8 Rxc8 22. a3 h5 23. Qd3 Rb6 24. Bd4 Ra6 25. Ra1 Rb8 26. Qb3 Kg8 27. Rc1 Ne5 28. Bxe5 dxe5 {1-0 Roeder,M (2416)-Dragnev,V (2205) Skopje Karposh op 2014 (4)}) 14... Rc5 15. Nd5 b5 16. Nge3 bxc4 17. Rxc4 Nh5 18. Qd2 Bxb2 19. Rxc5 Nxc5 20. Qxb2 e6 21. Ng4 f6 22. b4 Nd7 23. Nc3 Qb6 24. Qb3 Ng7 25. Qa4 Ne5 26. Nxe5 fxe5 27. Ne4 d5 28. Nc5 Ra8 29. Qd7 Qb5 30. Rxd5 Qxe2 31. Rd2 Qe1+ 32. Kg2 Rf8 33. Qd3 Rb8 34. a3 Ra8 35. Re2 Qa1 36. Qc4 Qd4 37. Qa2 Re8 38. Nxa6 Qb6 39. Nc5 Qc6+ 40. f3 Nf5 41. Rxe5 Nd4 42. Re4 Qd6 43. Qc4 1-0

[Event "Olympiad Women 2024"]
[Site "Budapest HUN"]
[Date "2024.09.21"]
[Round "10.6"]
[Board "2"]
[White "Mkrtchyan, Mariam"]
[Black "Vega Gutierrez, Sabrina"]
[Result "0-1"]
[WhiteElo "2328"]
[BlackElo "2374"]
[PlyCount "110"]
[EventDate "2024.09.11"]
[WhiteTeam "Armenia"]
[BlackTeam "Spain"]
[WhiteTeamCountry "ARM"]
[BlackTeamCountry "ESP"]

1. d4 d5 2. c4 c5 3. cxd5 Nf6 4. dxc5 Qxd5 5. Qxd5 Nxd5 6. a3 e6 7. e4 Nf6 8. Nc3 ({RR} 8. b4 a5 9. Bb2 axb4 10. axb4 Rxa1 11. Bxa1 Nc6 12. Bb5 Bd7 13. Bxc6 Bxc6 14. f3 b6 15. Nc3 bxc5 16. b5 Bb7 17. Nge2 c4 18. Na4 Ba3 19. Bb2 Bb4+ 20. Bc3 Bxc3+ 21. Nexc3 Nd7 22. Ke2 Ke7 {1-0 Grischuk,A (2708)-Nakamura,H (2802) CrunchLab Masters Div 2 L 2024 (6.3)}) 8... Bxc5 9. Bf4 $146 ({RR} 9. Nf3 O-O 10. e5 Nd5 11. Ne4 Be7 12. Bd3 b6 13. O-O Ba6 14. Bxa6 Nxa6 15. b4 Rac8 16. Bb2 Rc2 17. Rab1 Rfc8 18. Nd4 R2c4 19. Nd2 R4c7 20. Nb5 Rd7 21. Ne4 Ra8 22. Rbc1 Nac7 23. Nd4 Nf4 {½-½ Blecken,V (2225)-Voss,W Wichern op 4th 1997 (4)}) ({RR} 9. f3 a6 10. Bf4 Nc6 11. O-O-O Nh5 12. Bc7 O-O 13. g4 Be3+ 14. Kb1 Nf4 15. Nge2 e5 16. Nxf4 Bxf4 17. Nd5 g5 18. Nxf4 gxf4 19. Bc4 Re8 20. Bb6 Be6 21. Bd5 Ne7 22. Bxe6 fxe6 23. Rd7 Nc6 {1-0 Zasada,K (1727)-Olsztynski,A Warsaw YMCA Summer-D 66th 2009 (9)}) 9... Nc6 10. Nf3 e5 11. Nxe5 Nxe5 12. Bxe5 Bxf2+ 13. Ke2 Bc5 14. Kf3 Bg4+ 15. Kf4 Be6 16. Be2 Nd7 17. Bc7 Rc8 18. Nb5 O-O 19. b4 Rxc7 20. bxc5 Rxc5 21. Nxa7 f5 22. Rac1 Re5 23. Rhd1 Rxe4+ 24. Kf3 Ne5+ 25. Kf2 Ng4+ 26. Bxg4 fxg4+ 27. Kg1 Re2 28. Re1 Rff2 29. Rxe2 Rxe2 30. Rc3 Bd5 31. Rg3 h5 32. Nb5 Rd2 33. Nc3 Bc6 34. h3 Kf7 35. Kf1 g5 36. a4 Kg6 37. Kg1 Rc2 38. Nb5 gxh3 39. gxh3 Bxb5 40. axb5 Rb2 41. Rc3 Rxb5 42. Kg2 Rf5 43. Rc7 b5 44. Re7 h4 45. Re8 Kf6 46. Kg1 Re5 47. Rb8 Kf5 48. Kf2 Ke4 49. Ke2 Kd4+ 50. Kd2 Kc4 51. Kc2 Re2+ 52. Kc1 g4 53. Kd1 Ra2 54. Rh8 g3 55. Rxh4+ Kd3 0-1

[Event "Olympiad Women 2024"]
[Site "Budapest HUN"]
[Date "2024.09.21"]
[Round "10.6"]
[Board "3"]
[White "Matnadze Bujiashvili, Ann"]
[Black "Danielian, Elina"]
[Result "0-1"]
[WhiteElo "2338"]
[BlackElo "2393"]
[PlyCount "118"]
[EventDate "2024.09.11"]
[WhiteTeam "Spain"]
[BlackTeam "Armenia"]
[WhiteTeamCountry "ESP"]
[BlackTeamCountry "ARM"]

1. Nf3 d5 2. g3 Bg4 3. Bg2 Nd7 4. h3 Bh5 5. c4 dxc4 ({RR} 5... e6 6. cxd5 exd5 7. Nc3 c6 8. d3 Bc5 9. O-O Ngf6 10. Qc2 O-O 11. a3 Re8 12. Bf4 Bb6 13. Rfe1 Nc5 14. Na4 Nxa4 15. Qxa4 Nd7 16. b4 Nf8 17. g4 Bg6 18. Bg3 Ne6 19. e4 dxe4 20. dxe4 {½-½ Duda,J (2731)-Quesada Perez,Y (2591) Titled Tue 9th Apr Early 2024 (5)}) 6. Qa4 $146 ({RR} 6. Na3 e6 7. Nxc4 c6 8. O-O Ngf6 9. d4 Nb6 10. Na5 Rb8 11. Ne5 Bd6 12. g4 Bg6 13. Bg5 Nbd5 14. Nac4 Be7 15. Nxg6 hxg6 16. e4 Nb6 17. Ne5 Nfd7 18. Bf4 Nxe5 19. Bxe5 Bd6 20. Bxg7 Rh7 {½-½ Lintchevski,D (2548)-Brunello,S (2519) 2nd Almaty Academy Dec GM 2022 (5.1)}) ({RR} 6. Na3 Nb6 7. Nxc4 c6 8. b3 e6 9. Bb2 Nf6 10. O-O Be7 11. Nfe5 O-O 12. d4 Rc8 13. Rc1 Nfd7 14. Nd3 f6 15. Na5 Qc7 16. b4 Nd5 17. a3 f5 18. Qb3 Bxe2 19. Rfe1 Bxd3 20. Qxd3 Bg5 {½-½ Warmerdam,M (2625)-Sokolov,I (2590) Dutch League 2023-24 (6.2)}) ({RR} 6. Na3 e5 7. Nxc4 e4 8. Nfe5 Ngf6 9. Qc2 Nxe5 10. Nxe5 Bd6 11. Nc4 O-O 12. b3 Re8 13. Bb2 b5 14. Ne3 c5 15. a4 a6 16. g4 Bg6 17. axb5 axb5 18. Rxa8 Qxa8 19. O-O h5 20. Ra1 Qc8 {0-1 Prohaszka,P (2570)-Aloma Vidal,R (2448) Titled Tuesday intern op 13th Sep Early blitz 2022 (10)}) ({RR} 6. Na3 c6 7. Nxc4 Ngf6 8. O-O e6 9. b3 Be7 10. Bb2 O-O 11. d3 Bxf3 12. Bxf3 a5 13. Qc2 Nd5 14. a3 Bf6 15. d4 Be7 16. Rfd1 Qc7 17. Kg2 Rfd8 18. h4 N7b6 19. Rac1 a4 20. b4 Nxc4 {0-1 Kevlishvili,R (2529)-Brunello,S (2505) Julius Baer Play-In 2023 (6.53)}) 6... c6 7. Qxc4 Bxf3 8. Bxf3 Ne5 9. Qb3 Nxf3+ 10. Qxf3 g6 11. Nc3 Bg7 12. a4 Nf6 13. a5 Qd7 14. a6 b6 15. Kf1 O-O 16. Kg2 Nd5 17. h4 h5 18. d4 Bxd4 19. Rd1 Bxc3 20. bxc3 Qf5 21. c4 Qxf3+ 22. Kxf3 Nf6 23. Bg5 Rfd8 24. e4 Kf8 25. Be3 Ke8 26. e5 Rxd1 27. Rxd1 Nd7 28. Kf4 Nf8 29. Ke4 Ne6 30. f3 Rd8 31. Rg1 f5+ 32. exf6 exf6 33. g4 Kf7 34. gxh5 gxh5 35. f4 c5 36. f5 Nd4 37. Rf1 Re8+ 38. Kd3 Nc6 39. Bf4 Rd8+ 40. Kc3 Rd4 41. Bg3 Na5 42. Rf4 Rxf4 43. Bxf4 Ke7 44. Kd3 Kd7 45. Bg3 Nc6 46. Ke4 Nb4 47. Be1 Nxa6 48. Bc3 Ke7 49. Bb2 Nb4 50. Ba1 Nc6 51. Kd5 Nd4 52. Bc3 Nxf5 53. Kc6 Ne3 54. Kb5 f5 55. Be5 Nc2 56. Kc6 Ke6 57. Bb8 Na3 58. Bxa7 Nxc4 59. Kb5 Kd5 0-1

[Event "Olympiad Women 2024"]
[Site "Budapest HUN"]
[Date "2024.09.21"]
[Round "10.6"]
[Board "4"]
[White "Sargsyan, Anna M."]
[Black "Calzetta Ruiz, Monica"]
[Result "1-0"]
[WhiteElo "2364"]
[BlackElo "2199"]
[PlyCount "79"]
[EventDate "2024.09.11"]
[WhiteTeam "Armenia"]
[BlackTeam "Spain"]
[WhiteTeamCountry "ARM"]
[BlackTeamCountry "ESP"]

1. e4 c5 2. Nf3 g6 3. d4 cxd4 4. Qxd4 Nf6 5. Qa4 Nc6 6. Nc3 d6 7. e5 dxe5 8. Nxe5 Bd7 9. Nxd7 Nxd7 10. Bb5 Bg7 11. O-O O-O 12. Rd1 Qc8 13. Nd5 Nb6 14. Nxb6 axb6 15. Qc4 Rd8 16. Rxd8+ Qxd8 17. c3 Na7 18. Be3 Rc8 19. Qb3 Nxb5 20. Qxb5 Rc6 21. g3 h5 22. h4 Bf6 23. a4 Rd6 24. Kh2 $146 ({RR} 24. Kg2 Re6 25. Re1 Kg7 26. Re2 Rd6 27. Re1 Re6 28. Kf1 Rd6 29. Kg1 Re6 30. Ra1 Qd6 31. Kg2 Qd8 32. a5 bxa5 33. Rxa5 Re5 34. Qb6 Qd7 35. Rxe5 Bxe5 36. c4 f5 37. f3 Qd3 38. b3 Bf6 {½-½ Sebag,M (2472)-Thomas,A (2137) FRA-chT Top 16 Gp Haute 2022 (2.3)}) 24... Kg7 25. Qb3 e5 26. Qb4 Qc7 27. Qe4 Qd7 28. Kg2 b5 29. a5 Rc6 30. Qf3 Rd6 31. Bc5 Rd2 32. b4 Rd3 33. Bf8+ Kxf8 34. Qxf6 Qd5+ 35. Kh2 Rxc3 36. Re1 Qf3 37. Qh8+ Ke7 38. Qxe5+ Kd7 39. Qe8+ Kd6 40. Rd1+ 1-0

[Event "Olympiad Women 2024"]
[Site "Budapest HUN"]
[Date "2024.09.21"]
[Round "10.7"]
[Board "1"]
[White "Mammadzada, Gunay"]
[Black "Munkhzul, Turmunkh"]
[Result "1/2-1/2"]
[WhiteElo "2433"]
[BlackElo "2256"]
[PlyCount "88"]
[EventDate "2024.09.11"]
[WhiteTeam "Azerbaijan"]
[BlackTeam "Mongolia"]
[WhiteTeamCountry "AZE"]
[BlackTeamCountry "MGL"]

1. Nf3 Nf6 2. c4 e6 3. g3 d5 4. Bg2 Be7 5. O-O O-O 6. d3 c5 7. Ne5 Qc7 8. f4 Nbd7 9. Nxd7 Bxd7 10. e4 dxe4 11. dxe4 Bc6 12. Nc3 Rad8 $146 ({RR} 12... a6 13. Qe2 Rfd8 14. g4 h6 15. h4 h5 16. gxh5 b5 17. h6 b4 18. Nd1 g6 19. Bf3 Kh7 20. Nf2 Nh5 21. Bxh5 gxh5 22. Qxh5 Rg8+ 23. Kh2 Rg6 24. Be3 Rf8 25. Qf3 f5 26. h5 Rxh6 27. Rg1 {0-1 Caruana,F (2766)-Aronian,L (2745) American Cup Elim 2023 (2.7)}) ({RR} 12... a6 13. Qe2 Nd7 14. Be3 Rab8 15. a4 b6 16. g4 Rfd8 17. g5 Nf8 18. h4 Qd7 19. Rad1 Qe8 20. Rde1 b5 21. axb5 axb5 22. f5 b4 23. Nd1 Bd6 24. f6 g6 25. Nf2 e5 26. Ng4 Kh8 27. Nh6 {½-½ Keinanen,T (2542)-Koykka,P (2340) VIII ShakkiNet GM 2024 (2.3)}) ({RR} 12... a6 13. Qe2 b5 14. e5 Bxg2 15. Qxg2 Nd7 16. cxb5 c4 17. Kh1 Bb4 18. a4 Qa5 19. bxa6 Bxc3 20. bxc3 Rxa6 21. Qf3 Rfa8 22. Ra2 Nb6 23. Be3 Nxa4 24. Bd4 Qb5 25. f5 Qc6 26. Qxc6 Rxc6 27. Rb1 {1-0 Bernadskiy,V (2558)-Hovhanisian,M (2418) 12th Lorca Open 2023 (8.2)}) 13. Qe2 b6 14. g4 Qb7 15. g5 Nd7 16. Bd2 Rfe8 17. h4 Nf8 18. Be3 Ng6 19. Qf2 Rd3 20. Rad1 Rxd1 21. Rxd1 Rd8 22. Rf1 Bf8 23. h5 Ne7 24. Qe2 Qd7 25. Rd1 Qc8 26. Rxd8 Qxd8 27. Qd2 Qxd2 28. Bxd2 f6 29. Kf2 Kf7 30. Bh3 Nc8 31. f5 exf5 32. Bxf5 Nd6 33. Bxh7 Nxc4 34. Bc1 fxg5 35. b3 Ne5 36. Bxg5 Be7 37. Bxe7 Kxe7 38. Ke3 Kf6 39. Kf4 Nd3+ 40. Ke3 Ne5 41. Kf4 Nd3+ 42. Ke3 Nb4 43. Kf4 Nd3+ 44. Ke3 Ne5 1/2-1/2

[Event "Olympiad Women 2024"]
[Site "Budapest HUN"]
[Date "2024.09.21"]
[Round "10.7"]
[Board "2"]
[White "Munguntuul, Batkhuyag"]
[Black "Fataliyeva, Ulviyya"]
[Result "0-1"]
[WhiteElo "2346"]
[BlackElo "2378"]
[PlyCount "94"]
[EventDate "2024.09.11"]
[WhiteTeam "Mongolia"]
[BlackTeam "Azerbaijan"]
[WhiteTeamCountry "MGL"]
[BlackTeamCountry "AZE"]

1. e4 e5 2. Nf3 Nc6 3. Bb5 a6 4. Ba4 Nf6 5. O-O Be7 6. d3 b5 7. Bb3 d6 8. a3 Na5 9. Ba2 c5 10. Nc3 Be6 11. Bg5 O-O 12. Bxf6 Bxf6 13. Nd5 c4 ({RR} 13... Nc6 14. c3 g6 15. b4 Bg7 16. Qd2 Ne7 17. Nxe7+ Qxe7 18. Bxe6 Qxe6 19. a4 cxb4 20. cxb4 d5 21. Qa2 bxa4 22. Rfc1 Rfc8 23. Qxa4 dxe4 24. dxe4 Rc4 25. g3 Rb8 26. Rxc4 Qxc4 27. Qxa6 Qxe4 28. Qd6 {½-½ Carlsen,M (2830)-Caruana,F (2794) CCT Final KO 2023 (1.21)}) ({RR} 13... h6 14. b4 Nc6 15. c3 Kh7 16. Qe2 Rc8 {½-½ Ahmadzada,A (2502)-Mitusov,S (2479) RUDAR IX GM RR 2024 (8.5)}) 14. dxc4 Nxc4 15. Bxc4 bxc4 16. Nd2 $146 ({RR} 16. b4 cxb3 17. cxb3 Rb8 18. b4 a5 19. Rb1 axb4 20. axb4 Qd7 21. Nxf6+ gxf6 22. Nd2 Rfc8 23. Qf3 f5 24. exf5 Bxf5 25. Ne4 Qe6 26. Rfd1 Bxe4 27. Qxe4 Rc4 28. Qe1 d5 29. b5 Rc5 30. b6 d4 {½-½ Saric,I (2644)-Kantor,G (2558) SLO-chT NML 31st 2021 (8.2)}) 16... Bxd5 17. exd5 Qc7 18. Qg4 Rac8 19. b3 cxb3 20. cxb3 Be7 21. Nc4 f5 22. Qd1 Qc5 23. Rc1 Qb5 24. Qd3 Rc5 25. b4 e4 26. Qb3 Rfc8 27. a4 Qb8 28. Rc3 R5c7 29. Rfc1 Bf6 30. R3c2 f4 31. Na3 Rxc2 32. Rxc2 Re8 33. Nc4 Bd4 34. h3 Qd8 35. Kh1 Qg5 36. Nxd6 f3 37. g3 Qh6 38. Kh2 Qxd6 39. Rc6 Qd7 40. d6+ Kh8 41. Qd5 Bxf2 42. Rc7 Bg1+ 43. Kxg1 Qxh3 44. Rc2 Qxg3+ 45. Kh1 f2 46. Rxf2 Qxf2 47. d7 Qh4+ 0-1

[Event "Olympiad Women 2024"]
[Site "Budapest HUN"]
[Date "2024.09.21"]
[Round "10.7"]
[Board "3"]
[White "Beydullayeva, Govhar"]
[Black "Nomin-Erdene, Davaademberel"]
[Result "1-0"]
[WhiteElo "2395"]
[BlackElo "2319"]
[PlyCount "121"]
[EventDate "2024.09.11"]
[WhiteTeam "Azerbaijan"]
[BlackTeam "Mongolia"]
[WhiteTeamCountry "AZE"]
[BlackTeamCountry "MGL"]

1. d4 d5 2. c4 c6 3. Nf3 Nf6 4. Nc3 e6 5. Bg5 h6 6. Bxf6 Qxf6 7. e3 Nd7 8. Be2 dxc4 9. O-O g6 10. Ne4 Qe7 11. Ne5 Bg7 12. f4 Nf6 ({RR} 12... O-O 13. Bxc4 Nb6 14. Bb3 Nd5 15. Qe2 Kh7 16. Bc2 Nb4 17. Bb1 f5 18. a3 Nd5 19. Nc3 Bxe5 20. fxe5 Bd7 21. Bc2 b6 22. Bb3 Nxc3 23. bxc3 c5 24. c4 Bc6 25. d5 Bb7 26. e4 f4 27. Qg4 {1-0 Amartuvshin,G (2402)-Eltigani,O (2241) 45th Olympiad 2024 (5.38)}) 13. Nxf6+ $146 ({RR} 13. Qc2 O-O 14. Nxf6+ Bxf6 15. Qxc4 Rd8 16. Rac1 Bd7 17. Rfd1 Be8 18. Ng4 Bg7 19. e4 h5 20. Nf2 Qf6 21. e5 Qxf4 22. g3 Qg5 23. Rc3 c5 24. Ne4 Qe7 25. Qxc5 Qxc5 26. Rxc5 Bc6 27. Ng5 Rd5 {½-½ Mattenberger,M (2285)-Altynbekuly,M (1923) World Youth Open U16 2023 (9.29)}) 13... Bxf6 14. Bxc4 Bd7 15. Rc1 O-O-O 16. Qb3 Be8 17. Nd3 g5 18. Kh1 gxf4 19. Rxf4 Bg5 20. Re4 Kb8 21. a4 Qc7 22. Nc5 Ka8 23. a5 Be7 24. Qc3 Rg8 25. a6 b6 26. Nb3 Rg5 27. Be2 Kb8 28. Bf3 Rc8 29. Rf4 Bd6 30. Rh4 Rg6 31. Nd2 e5 32. Nc4 exd4 33. exd4 f5 34. Nxd6 Rxd6 35. Qe3 Qg7 36. Qf4 Qf6 37. b4 Bd7 38. Re1 Kc7 39. d5 cxd5 40. Bxd5 Qg5 41. Rc1+ Kd8 42. Qxg5+ hxg5 43. Rh8+ Ke7 44. Re1+ Be6 45. Rxc8 Rxd5 46. Rc6 Rd6 47. Rc7+ Rd7 48. Rec1 Bd5 49. Kg1 Kd6 50. Rxd7+ Kxd7 51. Kf2 Bc6 52. g3 g4 53. Ke3 Be4 54. Kf4 Kd6 55. Rc8 Kd7 56. Rh8 Kc6 57. Rh7 Kb5 58. Rxa7 Kxb4 59. Re7 Bf3 60. a7 b5 61. Re8 1-0